| 000 | 01366cam a22004091a 4500 | ||
|---|---|---|---|
| 001 | 59728 | ||
| 005 | 20230410142343.0 | ||
| 008 | 731126s1973 sp af b 001 0 spa | ||
| 010 | _a 73343299 | ||
| 035 | _a(OCoLC)ocm00748262 | ||
| 040 |
_aDLC _cOSU _dDLC _dSER _dTAI _dEL$ |
||
| 015 | _aSp*** | ||
| 020 | _a8400038088 | ||
| 020 | _a9788400038083 | ||
| 029 | 1 |
_aNLGGC _b833440160 |
|
| 029 | 1 |
_aAU@ _b000003991180 |
|
| 029 | 1 |
_aAU@ _b000024686231 |
|
| 035 | _a(OCoLC)748262 | ||
| 043 | _ae-sp--- | ||
| 050 | 1 | 4 |
_aBX 1585 _bR449p 1973 |
| 092 | _a282 | ||
| 049 | _aGRAL | ||
| 100 | 1 | _aRevuelta González, Manuel. | |
| 245 | 1 | 0 |
_aPolítica religiosa de los liberales en el siglo XIX : _btrienio constitucional / _cManuel Revuelta González, S.J. |
| 260 |
_aMadrid : _bC.S.I.C., Escuela de Historia Moderna, _c1973. |
||
| 300 |
_axiii, 515 p., [14] leaves of plates : _bill. ; _c25 cm. |
||
| 440 | 0 |
_aHistoria de España en el mundo moderno ; _v4 |
|
| 504 | _aIncludes bibliographical references (p. [475]-490) and index. | ||
| 610 | 2 | 0 |
_aCatholic Church _zSpain. |
| 610 | 2 | 7 |
_aIglesia Católica _zEspaña. _2bidex |
| 650 | 2 | 4 |
_aIglesia Católica _xHistoria _zEspaña. |
| 650 | 4 |
_aIglesia católica en España _xGobierno _ySiglo XIX. |
|
| 650 | 4 |
_aLiberales _zEspaña _ySiglo XIX. |
|
| 942 |
_2lcc _cbk |
||
| 994 |
_aC0 _bDRFGD |
||
| 946 | _acsexposito | ||
| 999 |
_c94118 _d94118 |
||